| 000 | 00520nam a2200241Ia 4500 | ||
|---|---|---|---|
| 003 | 0100 | ||
| 008 | 130307s9999 xx 000 0 und d | ||
| 040 | _cARRUPELIB | ||
| 050 | _aB379.A2 | ||
| 100 | _aPlato | ||
| 245 | 4 | _aThe Phaedo of Plato | |
| 250 | _a2nd ed. | ||
| 260 | _aLondon | ||
| 260 | _bMacmillan | ||
| 260 | _c1894 | ||
| 300 | _a169p. | ||
| 300 | _b23cm | ||
| 650 | _bPhilosophy - Marcus Aurelius | ||
| 650 | _cEthics | ||
| 650 | _dStoics | ||
| 700 | _aArcher-Hind, R. D. (ed.) | ||
| 942 | 0 | 0 | _03 |
| 999 |
_c91441 _d91441 |
||